Οι μεγάλοι φιλόσοφοι
Αποθηκεύτηκε σε:
| Άλλοι συγγραφείς: | |
|---|---|
| Μορφή: | Βιβλίο |
| Γλώσσα: | Greek |
| Δημοσίευση: |
Αθήναι :
Δαρέμας,
[19--?]
|
| Σειρά: | Βιβλιοθήκη Βιογραφιών. Οι μεγάλοι άνδρες της ανθρωπότητος ;
; Σειρά 5η |
| Θέματα: | |
| Ετικέτες: |
Προσθήκη ετικέτας
Δεν υπάρχουν, Καταχωρήστε ετικέτα πρώτοι!
|
MARC
| LEADER | 00000cam a2200000 i 4500 | ||
|---|---|---|---|
| 001 | 1/85168 | ||
| 008 | 050912s19601970 gre d | ||
| 035 | |l 10080209 | ||
| 040 | |a GR-MY-UA |b gre |e aacr | ||
| 041 | 0 | |a gre | |
| 082 | 0 | |a 210 |2 (22) | |
| 245 | 1 | 3 | |a Οι μεγάλοι φιλόσοφοι / |c μεταφραστής και επιμελητής Ευτύχιος Π. Φικιώρης |
| 260 | |a Αθήναι : |b Δαρέμας, |c [19--?] | ||
| 300 | |a 517 σ.; |c 25 εκ. | ||
| 490 | 1 | |a Βιβλιοθήκη Βιογραφιών. Οι μεγάλοι άνδρες της ανθρωπότητος |v ; Σειρά 5η | |
| 650 | 0 | 0 | |a Religion |x Philosophy. |
| 700 | 1 | |a Φικιώρης, Ευτύχιος Π. | |
| 830 | 0 | |a Βιβλιοθήκη Βιογραφιών. Οι μεγάλοι άνδρες της ανθρωπότητος ; |v ; Σειρά 5η | |
| 852 | |a INST |b RHODES |c KRI |e 20050912 |h 210 ΜΕΓ |p 005400022611 |q 005400022611 |t BK |y 0 | ||
| 901 | |a BIBL4-2005-3 | ||
| 909 | |a Ρ |b 122230 | ||
| 970 | |a ΣΙΔΕΡΗ |b ΝΕΚΤΑΡΙΑ |z 2005/09/12 | ||